XI Roku 2015 wg. Tygodnika "Piłka Nożna" (Europa) - Statystyki

Ogólne statystyki
  • Ten quiz został rozwiązany 243 razy
  • Średni wynik to 10 z 11
Statystyki odpowiedzi
Pozycja Kraj Klub Zawodnik % Poprawnych
LS Portugalia Real Madryt Cristiano Ronaldo
98%
BR Włochy Juventus Gianluigi Buffon
98%
ŚN Polska Bayern Robert Lewandowski
98%
ŚP Belgia Wolfsburg / Man City Kevin de Bruyne
94%
LO Austria Bayern David Alaba
93%
ŚO Hiszpania Barcelona Gerard Pique
92%
ŚP Francja Juventus Paul Pogba
92%
PO Niemcy Bayern Philipp Lahm
90%
ŚPO/PS Niemcy Bayern Thomas Muller
88%
ŚO Włochy Juventus Leonardo Bonucci
85%
ŚPD Hiszpania Barcelona Sergio Busquets
85%
Nie znaleziono quizów pasujących do podanych kryteriów
Rozkład punktacji
Procent ludzi z każdym wynikiem
Percentyl według liczby udzielonych odpowiedzi
Twoja historia wyników
Nie rozwiązałeś tego quizu